<?xml version="1.0" encoding="UTF-8"?><?xml-stylesheet type="text/xsl" href="static/style.xsl"?><OAI-PMH xmlns="http://www.openarchives.org/OAI/2.0/" xmlns:xsi="http://www.w3.org/2001/XMLSchema-instance" xsi:schemaLocation="http://www.openarchives.org/OAI/2.0/ http://www.openarchives.org/OAI/2.0/OAI-PMH.xsd"><responseDate>2026-04-17T11:48:30Z</responseDate><request verb="GetRecord" identifier="oai:www.recercat.cat:2072/472652" metadataPrefix="marc">https://recercat.cat/oai/request</request><GetRecord><record><header><identifier>oai:recercat.cat:2072/472652</identifier><datestamp>2024-11-04T07:03:02Z</datestamp><setSpec>com_2072_98</setSpec><setSpec>col_2072_378192</setSpec></header><metadata><record xmlns="http://www.loc.gov/MARC21/slim" xmlns:dcterms="http://purl.org/dc/terms/" xmlns:xsi="http://www.w3.org/2001/XMLSchema-instance" xmlns:doc="http://www.lyncode.com/xoai" xsi:schemaLocation="http://www.loc.gov/MARC21/slim http://www.loc.gov/standards/marcxml/schema/MARC21slim.xsd">
   <leader>00925njm 22002777a 4500</leader>
   <datafield ind2=" " ind1=" " tag="042">
      <subfield code="a">dc</subfield>
   </datafield>
   <datafield ind2=" " ind1=" " tag="720">
      <subfield code="a">Maia, Manuela</subfield>
      <subfield code="e">author</subfield>
   </datafield>
   <datafield ind2=" " ind1=" " tag="260">
      <subfield code="c">2024</subfield>
   </datafield>
   <datafield ind2=" " ind1=" " tag="520">
      <subfield code="a">A resolução de problemas complexos, a flexibilidade e a criação de ideias são identificadas como competências profissionais para 2025. A criatividade é sobretudo um acontecimento cultural e social. Para Csikszentmihalyi (2004) a criatividade surge da interação de três componentes: a cultura, o indivíduo e os especialistas que reconhecem essa criatividade. Utilizando a abordagem sistêmica da criatividade proposta por Csikszentmihalyi como enquadramento conceptual, estudámos Design com base em dados do processo criativo de estudantes de design. Refletimos sobre a escola como possibilidade de um sistema vivo e criativo, composto por diversas pessoas e comunidades envolvidas na resolução de problemas complexos.</subfield>
   </datafield>
   <datafield ind2=" " ind1=" " tag="520">
      <subfield code="a">Solving complex problems, flexibility and creating ideas are identified as professional skills for 2025. Creativity is above all a cultural and a social event. For Csikszentmihalyi (2004), creativity arises from the interaction of three components: culture, the individual and the experts who recognize this creativity. Using the systemic approach to creativity proposed by Csikszentmihalyi as a conceptual framework, we study Design based on data from the creative process of design students. We reflect on school as the possibility of a living and creative system, made up of diverse people and communities involved in solving complex problems.</subfield>
   </datafield>
   <datafield ind2=" " ind1=" " tag="520">
      <subfield code="a">La resolución de problemas complejos, la flexibilidad y la creación de ideas se identifican como competencias profesionales para 2025. La creatividad es ante todo un hecho cultural y social. Para Csikszentmihalyi (2004), la creatividad surge de la interacción de tres componentes: la cultura, el individuo y los expertos que reconocen esta creatividad. Utilizando el enfoque sistémico de la creatividad propuesto por Csikszentmihalyi como marco conceptual, estudiamos el diseño a partir de los datos del proceso creativo de estudiantes de diseño. Reflexionamos sobre la escuela como la posibilidad de un sistema vivo y creativo, formado por personas y comunidades diversas implicadas en la resolución de problemas complejos.</subfield>
   </datafield>
   <datafield ind2=" " ind1=" " tag="520">
      <subfield code="a">São reais as perdas para a automação, paralelamente a resolução de problemas complexos, a flexibilidade e a criação de ideias são competências profissionais para 2025. A cognição integral humana é determinante num futuro dominado pelo artificial com uma educação apostada no mundo das vivências reais. A criatividade é um evento cultural e social surgindo da interação de três componentes: a cultura; os especialistas; o individuo (Csikszentmihalyi,2004). Esta é a moldura conceptual do nosso do nosso estudo do processo criativo de estudantes de design, perspetivando a escola como sistema criativo, de pessoas e comunidades implicadas na resolução de problemas complexos.</subfield>
   </datafield>
   <datafield ind1="8" ind2=" " tag="024">
      <subfield code="a">http://hdl.handle.net/2072/472652</subfield>
   </datafield>
   <datafield tag="653" ind2=" " ind1=" ">
      <subfield code="a">Design innovation</subfield>
   </datafield>
   <datafield tag="653" ind2=" " ind1=" ">
      <subfield code="a">Creativity</subfield>
   </datafield>
   <datafield tag="653" ind2=" " ind1=" ">
      <subfield code="a">Design education</subfield>
   </datafield>
   <datafield tag="653" ind2=" " ind1=" ">
      <subfield code="a">Skills development</subfield>
   </datafield>
   <datafield tag="653" ind2=" " ind1=" ">
      <subfield code="a">Complex problems</subfield>
   </datafield>
   <datafield tag="653" ind2=" " ind1=" ">
      <subfield code="a">Innovación en diseño</subfield>
   </datafield>
   <datafield tag="653" ind2=" " ind1=" ">
      <subfield code="a">Creatividad</subfield>
   </datafield>
   <datafield tag="653" ind2=" " ind1=" ">
      <subfield code="a">Educacion en diseño</subfield>
   </datafield>
   <datafield tag="653" ind2=" " ind1=" ">
      <subfield code="a">Desarrollo de habilidades</subfield>
   </datafield>
   <datafield tag="653" ind2=" " ind1=" ">
      <subfield code="a">Problemas complejos</subfield>
   </datafield>
   <datafield tag="653" ind2=" " ind1=" ">
      <subfield code="a">Inovação em design</subfield>
   </datafield>
   <datafield tag="653" ind2=" " ind1=" ">
      <subfield code="a">Criatividade</subfield>
   </datafield>
   <datafield tag="653" ind2=" " ind1=" ">
      <subfield code="a">Educação em design</subfield>
   </datafield>
   <datafield tag="653" ind2=" " ind1=" ">
      <subfield code="a">Desenvolvimento de competências</subfield>
   </datafield>
   <datafield tag="653" ind2=" " ind1=" ">
      <subfield code="a">Problemas complexos</subfield>
   </datafield>
   <datafield ind2="0" ind1="0" tag="245">
      <subfield code="a">Escolas de Design como sistemas sociais e culturais de criatividade e inovação</subfield>
   </datafield>
</record></metadata></record></GetRecord></OAI-PMH>